000 00924nam a22002653 4500
001 8056
003 BD-RjUL
005 20211208234521.0
008 140116r19461945nyu b 001 0 eng
035 _a(BD-RjUL)8101
040 _aDLC
_cDLC
_beng
_dBD-RjUL
041 _aeng
082 0 4 _a506.273
_bBAS 1946
100 1 _aBates, Ralph S.
_q(Ralph Samuel)
_925124
245 1 0 _aScientific societies in the United States /
_cRalph S. Bates
260 _aNew York :
_bJ. Wiley & sons,inc,
_aLondon :
_bChapman & Hall, ltd.,
_cc1945 [reprint 1946].
300 _avii, 246 p. ;
_c22 cm.
500 _a"A publication of the Technology Press, Massachusetts Institute of Technology."
504 _aInclude bibliography and index.
650 0 _aLearned institutions and societies
_zUnited States.
_925125
710 2 _aMassachusetts Institute of Technology.
_925126
942 _2ddc
_cBK
999 _c8056
_d8056